10 największych miast w Bułgarii - Statystyki

Ogólne statystyki
  • Ten quiz został rozwiązany 140 razy
  • Średni wynik to 4 z 10
Statystyki odpowiedzi
Liczba ludności % ludności Miasto % Poprawnych
1 208 097 17% Sofia
100%
334 781 4,7% Warna
84%
338 184 4,8% Płowdiw
67%
199 484 2,8% Burgas
65%
149 134 2,1% Ruse
34%
137 416 1,9% Stara Zagora
25%
105 673 1,5% Plewen
21%
90 375 1,3% Dobricz
13%
80 511 1,1% Szumen
13%
91 042 1,3% Sliwen
10%
Nie znaleziono quizów pasujących do podanych kryteriów
Rozkład punktacji
Procent ludzi z każdym wynikiem
Percentyl według liczby udzielonych odpowiedzi
Twoja historia wyników
Nie rozwiązałeś tego quizu